Kdyby nebylo tebe /
Rocková romantika od oblíbené americké autorky. Zpěvačka Clementine vyráží na osm týdnů na turné s irským rockovým idolem a přitom zažívá vzrušení z rodící se slávy i z nové lásky.
Uloženo v:
| Hlavní autor: | |
|---|---|
| Další autoři: | |
| Médium: | Kniha |
| Jazyk: | Czech |
| Vydáno: |
V Praze :
Fragment,
2026
|
| Vydání: | 1. vydání |
| Témata: | |
| Celkem bylo vypůjčeno: | 0x |
| Tagy: |
Žádné tagy |
| LEADER | 02280nam a2200421 i 4500 | ||
|---|---|---|---|
| 001 | 106483 | ||
| 003 | CZ PrNK | ||
| 005 | 20260604152028.0 | ||
| 007 | ta | ||
| 008 | 260518s2026 xr g 000 f cze | ||
| 015 | |a cnb003756980 | ||
| 020 | |a 9788025377932 |q (brožováno) : |c Kč 499,00 | ||
| 040 | |a ABG001 |b cze |e rda | ||
| 041 | 1 | |a cze |h eng | |
| 072 | 7 | |a 821.111(73)-3 |x Americká próza |2 Konspekt |9 25 | |
| 080 | |a 821.111(73)-31 |2 MRF | ||
| 080 | |a (0:82-312.5) |2 MRF | ||
| 100 | 1 | |a Golden, Kate |7 jo20241229638 |4 aut |9 115663 | |
| 240 | 1 | 0 | |a If not for my baby. |l Česky |
| 245 | 1 | 0 | |a Kdyby nebylo tebe / |c Kate Golden ; z anglického originálu If not for my baby ... přeložila Tereza Dubenská |
| 250 | |a 1. vydání | ||
| 264 | 1 | |a V Praze : |b Fragment, |c 2026 | |
| 300 | |a 341 stran ; |c 21 cm | ||
| 336 | |a text |b txt |2 rdacontent | ||
| 337 | |a bez média |b n |2 rdamedia | ||
| 338 | |a svazek |b nc |2 rdacarrier | ||
| 520 | 2 | |a Rocková romantika od oblíbené americké autorky. Zpěvačka Clementine vyráží na osm týdnů na turné s irským rockovým idolem a přitom zažívá vzrušení z rodící se slávy i z nové lásky. |b Clementine drží nad vodou sebe i svou nemocnou mámu a na vlastní sny jí nezbývá čas. Když ale dostane nabídku vyrazit jako doprovodná zpěvačka na turné s irským rockovým idolem, ví, že díky honoráři snů se bude moct odrazit ode dna. A tak se vydává vstříc osmi vzrušujícím týdnům, během kterých ji čekají vyprodané stadiony a neustálá společnost tajemného Thomase Patricka Hallorana. Mezi romantickými songy se pomalu začne rodit láska, která může změnit její život. Dokáže jí Clementine dát šanci? Nakladatelská anotace. | |
| 521 | 8 | |a Pro čtenáře od 18 let | |
| 655 | 7 | |a americké romány |7 fd131796 |2 czenas |9 53403 | |
| 655 | 7 | |a milostné romány |7 fd132840 |2 czenas |9 53718 | |
| 655 | 9 | |a American fiction |2 eczenas | |
| 655 | 9 | |a love novels |2 eczenas | |
| 700 | 1 | |a Dubenská, Tereza, |d 1993- |7 xx0267146 |4 trl |9 113389 | |
| 710 | 2 | |a Fragment (nakladatelství) |7 ko2004244768 |4 pbl |9 117176 | |
| 910 | |a UOG502 | ||
| 942 | |2 ddc |c KN | ||
| 999 | |d 106483 | ||
| 993 | |0 0 |1 421180107203 |2 ddc |4 0 |7 0 |9 99927 |b 0 |c 107203 |d 2026-06-04 |e 0 |f DOSP |h 499.00 |i Koupě |l DOSP |r 2026-06-04 |t 6 |w 2026-06-04 |y KN |z BELET |n | ||